000 00631nam a22002297a 4500
005 20170124110014.0
010 _a793876
020 _c00.00
_a0273007211
035 _a793876
037 _bCen Lib/Ret
040 _aDPL
_bEN
082 _a646.4
_bMIL
100 _aMiles, Cecile
_918414
245 _aMaking and designing clothes /
_cby Cecile Miles
260 _aLondon
_bPitman publishing
_c1975
270 _aLondon
_bLondon
300 _a154p. :
_c21cm(Hb)
_bill.
650 _aDressmaking
_918415
650 _aDressmaking--Pattern design
_918416
700 _918366
942 _2ddc
_cEN
_h646.4
_mMIL
999 _c126763
_d126763